000 00481nam a2200157 i 4500
001 42392
003 ES-MaACL
005 20230906160613.0
007 t|
008 030313s1942 sp ||||1| spa d
100 1 _aCastresana y Guinea, Angel.
_936809
245 1 0 _aPatología de la esclerótica /
_cAngel Castresana y Guinea.
260 _aMardrid :
_bEdiciones Morata,
_c1942 (
_fJ. Pueyo)
300 _a143 p., 3 lám. :
_bil. ;
_c24 cm.
852 _aES-MaACL
_j1847-F-7
_bR.20204
999 _c42392
_d42392